01661nam a2200241 a 450000100060000000300090000600500170001500800410003203500540007304000400012704100080016708200230017524500810019826001040027930000320038350400510041550508360046665000250130265000230132765000150135065000210136570000330138643749BD-RJUL 20211209053740.0160627s1964 mdua b 001 0 eng d aCURL 020000247952(Edi) from rgc048aBD-RJUL 43867 aDLCcWSUdSERdm.cdEUXdUkOxUbeng aeng0 a338.082bNAT 1965 00aNatural resources and international development /cedited by Marion Clawson. aBaltimore :bPublished for Resources for the Future by Johns Hopkins Press,cc1964 [printing 1965]  axi, 462 p. :bill. ;c24 cm aIncludes bibliographical references and index.0 aCommodities with international significance. The role of agriculture in economic development / D. Gale Johnson -- The world oil outlook / M.A. Adelman -- Food and the world fisheries situation / Anthony D. Scott -- Resources in Europe, Africa, and Latin America. Resource development and utilization in the Soviet economy / Demitri B. Shimkin -- Resource relationships among countries of Western Europe / P. Lamartine Yates -- Resource development among African countries / Arthur Gaitskell -- Resource aspects of Latin-American economic development / Joseph Grunwald -- Problems, situations, processes. Terms of trade for primary products / Charles P. Kindleberger -- Potentials and hazards of direct international investment in raw materials / Chandler Morse -- International transfers of knowledge and capital / Egbert de Vries. 0aEconomic development 0aNatural resources. 0aPetroleum. 0aEnergy minerals.1 aClawson, Marion,d1905-1998.